000 00886nam a2200253Ia 4500
003 OSt
005 20221005111057.0
006 a|||||r|||| 00| 0
007 ta
008 221004b |||||||| |||| 00| 0 hin d
020 _a8183610471 (hbk)
_c250
024 _a97635
037 _b574, 23/03/2009, Vani Prakashan
_cTextual
040 _aCRL
_cCRL
_bhin
041 _2hin
_ahin
082 _aO152,6N48x, P6
100 _aपचौरी, सुधीश
245 0 _aसाहित्य का उत्तर समाजशास्त्र
246 _aSāhitya kā uttar samājashāstra
260 _aनई दिल्ली
_bराधाकृष्ण भारत
_c2006
300 _a195पृ0
_ccm.
942 _hO152,6N48x, P6
_cTEXL
_2cc
999 _c1020738
_d1020738